SEBS 30 Root Development and Function : (Record no. 591892)

MARC details
000 -LEADER
fixed length control field 00504nam a2200193 a 4500
008 - FIXED-LENGTH DATA ELEMENTS--GENERAL INFORMATION
fixed length control field 251016s1987##################000#0#eng##
020 ## - INTERNATIONAL STANDARD BOOK NUMBER
ISBN 9780521329316
082 04 - DEWEY DECIMAL CLASSIFICATION NUMBER
Classification number 581.10428
Item number GRE
100 1# - MAIN ENTRY--AUTHOR NAME
Personal name Gregory, P. J.,
245 10 - TITLE STATEMENT
Title SEBS 30 Root Development and Function :
260 ## - PUBLICATION, DISTRIBUTION, ETC. (IMPRINT)
Name of publisher CUP Archive,
Year of publication 1987.
300 ## - PHYSICAL DESCRIPTION
Number of Pages 234 pages
650 #0 - SUBJECT ADDED ENTRY--TOPICAL TERM
Topical Term Medical.
942 ## - ADDED ENTRY ELEMENTS (KOHA)
Koha item type English Books
Holdings
Withdrawn status Lost status Damaged status Not for loan Home library Current library Shelving location Date acquired Full call number Accession Number Price effective from Koha item type
        Anna Centenary Library Anna Centenary Library 5TH FLOOR, B WING 16.10.2025 581.10428 GRE 283256 16.10.2025 English Books

Find us on the map